000 01270nam a2200229Ia 4500
003 Ost
005 20260416102353.0
008 260416s9999||||xx |||||||||||||| ||und||
040 _cfsecg
041 _aara
082 _a336.2
100 _aزميت، محمد
_eمؤلف
245 0 _aجباية المؤسسة /
_c محمد زميت
260 _aالجزائر
_bجامعة الجزائر3: كلية العلوم الإقتصادية، العلوم التجارية وعلوم التسيير
_c2017
300 _a130 ورقة
_bايضاحات
_c30 سم
504 _aمراجع ص.125
520 _aماهية الضريبة، أثر السياسة الجبائية، التهرب الضريبي، أسباب التهرب الضريبي، وسائل التهرب الضريبي، وسائل مكافحته، الوسائل والحلول الوقائية، الاصلاح الضريبي في ظل المتغيرات الاقتصادية الدولية والوطنية، دواعي وأهداف الاصلاح
653 _aالضرائب
653 _aالضرائب-تهرب
710 _aجامعة الجزائر3: كلية العلوم الإقتصادية، العلوم التجارية وعلوم التسيير
_eناشر علمي
942 _cHANDOUT
999 _c41072
_d41072